Valuation report for the years 1 April 2001 to 31 March 2005 (Record no. 104486)

MARC details
000 -LEADER
fixed length control field 00935cam a2200229 4500
001 - CONTROL NUMBER
control field L130587
008 - FIXED-LENGTH DATA ELEMENTS--GENERAL INFORMATION
fixed length control field 050815n2005 000 0 eng u
035 ## - SYSTEM CONTROL NUMBER
System control number (Sirsi) u130587
041 ## - LANGUAGE CODE
Language code of text/sound track or separate title eng
050 ## - LIBRARY OF CONGRESS CALL NUMBER
Classification number 333.33016
-- 18
110 ## - MAIN ENTRY--CORPORATE NAME
Corporate name or jurisdiction name as entry element Rent Service
9 (RLIN) 4756
240 ## - UNIFORM TITLE
Uniform title Green book
245 ## - TITLE STATEMENT
Title Valuation report for the years 1 April 2001 to 31 March 2005
260 ## - PUBLICATION, DISTRIBUTION, ETC.
Place of publication, distribution, etc. [S.l.]
Name of publisher, distributor, etc. [s.n.]
Date of publication, distribution, etc. 2005
300 ## - PHYSICAL DESCRIPTION
Extent 430p.
Dimensions 30cm.
490 ## - SERIES STATEMENT
Series statement Rent Service Valuation Report
520 ## - SUMMARY, ETC.
Summary, etc. This new report, replacing the former green book statistics, provides data on housing benefit related determinations carried out by the Rent Service. Provides a regional breakdown of movements and trends in rents for each government region within England by property size and sector. Tables.
590 ## - LOCAL NOTE (RLIN)
Local note IKA160805
650 ## - SUBJECT ADDED ENTRY--TOPICAL TERM
Topical term or geographic name entry element RENT SERVICE VALUATION REPORT
690 ## - LOCAL SUBJECT ADDED ENTRY--TOPICAL TERM (OCLC, RLIN)
Topical term or geographic name as entry element PROPERTY-RESIDENTIAL PROPERTY-RESIDENTIAL PROPERTY MARKET
942 ## - ADDED ENTRY ELEMENTS (KOHA)
Suppress in OPAC 0
Holdings
Withdrawn status Lost status Source of classification or shelving scheme Damaged status Not for loan Home library Current library Shelving location Date acquired Total Checkouts Full call number Barcode Date last seen Copy number Price effective from Koha item type
    Dewey Decimal Classification     London London Property market reports 15/08/2005   PROPERTY MARKET REPORTS 30069969 06/08/2019 1 06/08/2019 Reference material
    Dewey Decimal Classification     London London Property market reports 15/08/2005   PROPERTY MARKET REPORTS 30069970 06/08/2019 2 06/08/2019 Book